000 01254cam a22002055a 4500
001 L156636
008 120614s2006 xxk f 000 0 eng d
020 _a9780787976385
035 _a(Sirsi) u156636
041 0 _aeng
050 0 4 _a658.4 $2 18
100 1 _aLencioni, Patrick
245 0 0 _aSilos, politics and turf wars
_ba leadership fable about destroying the barriers that turn colleagues into competitors
260 _aSan Francisco
_bJossey-Bass
_c 2006.
300 _aix, 211 p.
_bill.
_c 22 cm.
505 2 _aIntroduction -- The fable -- Part one: entrepreneurial ambition -- Part two: reality -- Part three: rally -- Part four: moments of truth -- The theory -- Introduction to silos -- Components of the model -- Identifying a thematic goal -- Case studies -- Managing and organizing around the thematic goal -- Thematic goals and long-term context -- Making matrix organizations word -- A final though
520 _aThis book identifies different department's politics with than cause a company to waste time and resources because they are unable to work together for the common goal. This book uses a narritive to understand how miscommuncations and turn the situration around for the better.
650 2 4 _aLeadership
942 _n0
999 _c114335
_d114335